<?xml version="1.0" encoding="UTF-8"?>
<record
    xmlns:xsi="http://www.w3.org/2001/XMLSchema-instance"
    xsi:schemaLocation="http://www.loc.gov/MARC21/slim http://www.loc.gov/standards/marcxml/schema/MARC21slim.xsd"
    xmlns="http://www.loc.gov/MARC21/slim">

  <leader>02559njm0a2200433   4500</leader>
  <controlfield tag="001">RU\NLR\ONIZ\304268</controlfield>
  <controlfield tag="005">20250708194220.0</controlfield>
  <datafield tag="035" ind1=" " ind2=" ">
    <subfield code="a">(NLR Aleph) 022274373</subfield>
  </datafield>
  <datafield tag="071" ind1="0" ind2="0">
    <subfield code="a">&#x421;10-07381-2</subfield>
  </datafield>
  <datafield tag="090" ind1=" " ind2=" ">
    <subfield code="a">13285962</subfield>
    <subfield code="c">13285962</subfield>
  </datafield>
  <datafield tag="100" ind1=" " ind2=" ">
    <subfield code="a">20240527d1976    |||y0rusy50      ca</subfield>
  </datafield>
  <datafield tag="102" ind1=" " ind2=" ">
    <subfield code="a">RU</subfield>
  </datafield>
  <datafield tag="126" ind1=" " ind2=" ">
    <subfield code="a">abbxexu      ux</subfield>
    <subfield code="b">xxx</subfield>
  </datafield>
  <datafield tag="127" ind1=" " ind2=" ">
    <subfield code="a">004200</subfield>
  </datafield>
  <datafield tag="145" ind1="0" ind2=" ">
    <subfield code="a">b</subfield>
  </datafield>
  <datafield tag="200" ind1="1" ind2=" ">
    <subfield code="a">&#x41D;&#x43E;&#x432;&#x44B;&#x439; &#x412;&#x430;&#x432;&#x438;&#x43B;&#x43E;&#x43D;</subfield>
    <subfield code="b">&#x417;&#x432;&#x443;&#x43A;&#x43E;&#x437;&#x430;&#x43F;&#x438;&#x441;&#x44C;</subfield>
    <subfield code="e">&#x441;&#x44E;&#x438;&#x442;&#x430; &#x438;&#x437; &#x43C;&#x443;&#x437;&#x44B;&#x43A;&#x438; &#x43A; &#x43A;&#x438;&#x43D;&#x43E;&#x444;&#x438;&#x43B;&#x44C;&#x43C;&#x443;</subfield>
    <subfield code="f">&#x414;. &#x428;&#x43E;&#x441;&#x442;&#x430;&#x43A;&#x43E;&#x432;&#x438;&#x447;</subfield>
    <subfield code="g">&#x440;&#x435;&#x434;&#x430;&#x43A;&#x446;&#x438;&#x44F; &#x413;. &#x420;&#x43E;&#x436;&#x434;&#x435;&#x441;&#x442;&#x432;&#x435;&#x43D;&#x441;&#x43A;&#x43E;&#x433;&#x43E;</subfield>
    <subfield code="g">&#x438;&#x441;&#x43F;&#x43E;&#x43B;&#x43D;&#x44F;&#x435;&#x442;: &#x410;&#x43D;&#x441;&#x430;&#x43C;&#x431;&#x43B;&#x44C; &#x441;&#x43E;&#x43B;&#x438;&#x441;&#x442;&#x43E;&#x432; &#x410;&#x43A;&#x430;&#x434;&#x435;&#x43C;&#x438;&#x447;&#x435;&#x441;&#x43A;&#x43E;&#x433;&#x43E; &#x441;&#x438;&#x43C;&#x444;&#x43E;&#x43D;&#x438;&#x447;&#x435;&#x441;&#x43A;&#x43E;&#x433;&#x43E; &#x43E;&#x440;&#x43A;&#x435;&#x441;&#x442;&#x440;&#x430; &#x41C;&#x43E;&#x441;&#x43A;&#x43E;&#x432;&#x441;&#x43A;&#x43E;&#x439; &#x433;&#x43E;&#x441;&#x443;&#x434;&#x430;&#x440;&#x441;&#x442;&#x432;&#x435;&#x43D;&#x43D;&#x43E;&#x439; &#x444;&#x438;&#x43B;&#x430;&#x440;&#x43C;&#x43E;&#x43D;&#x438;&#x438;, &#x434;&#x438;&#x440;&#x438;&#x436;&#x435;&#x440; &#x413;&#x435;&#x43D;&#x43D;&#x430;&#x434;&#x438;&#x439; &#x420;&#x43E;&#x436;&#x434;&#x435;&#x441;&#x442;&#x432;&#x435;&#x43D;&#x441;&#x43A;&#x438;&#x439;</subfield>
  </datafield>
  <datafield tag="203" ind1=" " ind2=" ">
    <subfield code="a">&#x41C;&#x443;&#x437;&#x44B;&#x43A;&#x430;</subfield>
    <subfield code="b">&#x438;&#x441;&#x43F;&#x43E;&#x43B;&#x43D;&#x438;&#x442;&#x435;&#x43B;&#x44C;&#x441;&#x43A;&#x430;&#x44F;</subfield>
    <subfield code="c">&#x430;&#x443;&#x434;&#x438;&#x43E;</subfield>
  </datafield>
  <datafield tag="210" ind1=" " ind2=" ">
    <subfield code="a">&#x41C;&#x43E;&#x441;&#x43A;&#x432;&#x430;</subfield>
    <subfield code="c">&#x41C;&#x435;&#x43B;&#x43E;&#x434;&#x438;&#x44F;</subfield>
    <subfield code="g">&#x412;&#x421;&#x413;</subfield>
    <subfield code="e">&#x41C;&#x43E;&#x441;&#x43A;&#x432;&#x430;</subfield>
    <subfield code="d">1976</subfield>
  </datafield>
  <datafield tag="215" ind1=" " ind2=" ">
    <subfield code="a">1 &#x433;&#x440;&#x43F;. [&#x413;&#x41E;&#x421;&#x422; 5289-73] (42 &#x43C;&#x438;&#x43D;) : 33 &#x43E;&#x431;/&#x43C;&#x438;&#x43D;, &#x441;&#x442;&#x435;&#x440;&#x435;&#x43E;</subfield>
    <subfield code="d">30 &#x441;&#x43C;, &#x432; &#x43A;&#x43E;&#x43D;&#x432;.</subfield>
  </datafield>
  <datafield tag="300" ind1=" " ind2=" ">
    <subfield code="a">&#x41D;&#x430; &#x43A;&#x43E;&#x43D;&#x432;. &#x43A;&#x43E;&#x43C;&#x43C;&#x435;&#x43D;&#x442;. &#x413;. &#x420;&#x43E;&#x436;&#x434;&#x435;&#x441;&#x442;&#x432;&#x435;&#x43D;&#x441;&#x43A;&#x43E;&#x433;&#x43E;</subfield>
  </datafield>
  <datafield tag="606" ind1="1" ind2=" ">
    <subfield code="a">&#x421;&#x44E;&#x438;&#x442;&#x44B; &#x438;&#x437; &#x43C;&#x443;&#x437;&#x44B;&#x43A;&#x438; &#x43A; &#x43A;&#x438;&#x43D;&#x43E;&#x444;&#x438;&#x43B;&#x44C;&#x43C;&#x430;&#x43C; &#x434;&#x43B;&#x44F; &#x438;&#x43D;&#x441;&#x442;&#x440;&#x443;&#x43C;&#x435;&#x43D;&#x442;&#x430;&#x43B;&#x44C;&#x43D;&#x43E;&#x433;&#x43E; &#x430;&#x43D;&#x441;&#x430;&#x43C;&#x431;&#x43B;&#x44F;</subfield>
    <subfield code="y">&#x421;&#x421;&#x421;&#x420;</subfield>
    <subfield code="z">20 &#x432;.</subfield>
    <subfield code="j">&#x417;&#x432;&#x443;&#x43A;&#x43E;&#x437;&#x430;&#x43F;&#x438;&#x441;&#x44C;</subfield>
    <subfield code="2">nlr_sh</subfield>
    <subfield code="7">ca</subfield>
  </datafield>
  <datafield tag="606" ind1="1" ind2=" ">
    <subfield code="a">&#x410;&#x43D;&#x441;&#x430;&#x43C;&#x431;&#x43B;&#x438; &#x441;&#x43C;&#x435;&#x448;&#x430;&#x43D;&#x43D;&#x43E;&#x433;&#x43E; &#x441;&#x43E;&#x441;&#x442;&#x430;&#x432;&#x430;</subfield>
    <subfield code="y">&#x421;&#x421;&#x421;&#x420;</subfield>
    <subfield code="z">20 &#x432;.</subfield>
    <subfield code="j">&#x417;&#x432;&#x443;&#x43A;&#x43E;&#x437;&#x430;&#x43F;&#x438;&#x441;&#x44C;</subfield>
    <subfield code="2">nlr_sh</subfield>
    <subfield code="7">ca</subfield>
  </datafield>
  <datafield tag="606" ind1="1" ind2=" ">
    <subfield code="a">&#x414;&#x438;&#x440;&#x438;&#x436;&#x451;&#x440;&#x44B; &#x441;&#x43E;&#x432;&#x435;&#x442;&#x441;&#x43A;&#x438;&#x435; &#x440;&#x43E;&#x441;&#x441;&#x438;&#x439;&#x441;&#x43A;&#x438;&#x435;</subfield>
    <subfield code="z">20-21 &#x432;&#x432;.</subfield>
    <subfield code="j">&#x417;&#x432;&#x443;&#x43A;&#x43E;&#x437;&#x430;&#x43F;&#x438;&#x441;&#x44C;</subfield>
    <subfield code="2">nlr_sh</subfield>
  </datafield>
  <datafield tag="686" ind1="0" ind2=" ">
    <subfield code="a">&#x429;952.1-043(2)</subfield>
  </datafield>
  <datafield tag="700" ind1=" " ind2="1">
    <subfield code="9">z01790</subfield>
    <subfield code="a">&#x428;&#x43E;&#x441;&#x442;&#x430;&#x43A;&#x43E;&#x432;&#x438;&#x447;</subfield>
    <subfield code="b">&#x414;. &#x414;.</subfield>
    <subfield code="f">1906-1975</subfield>
    <subfield code="g">&#x414;&#x43C;&#x438;&#x442;&#x440;&#x438;&#x439; &#x414;&#x43C;&#x438;&#x442;&#x440;&#x438;&#x435;&#x432;&#x438;&#x447;</subfield>
    <subfield code="4">230</subfield>
    <subfield code="7">ca</subfield>
  </datafield>
  <datafield tag="702" ind1=" " ind2="1">
    <subfield code="9">z02790</subfield>
    <subfield code="a">&#x420;&#x43E;&#x436;&#x434;&#x435;&#x441;&#x442;&#x432;&#x435;&#x43D;&#x441;&#x43A;&#x438;&#x439;</subfield>
    <subfield code="b">&#x413;. &#x41D;.</subfield>
    <subfield code="f">1931-2018</subfield>
    <subfield code="g">&#x413;&#x435;&#x43D;&#x43D;&#x430;&#x434;&#x438;&#x439; &#x41D;&#x438;&#x43A;&#x43E;&#x43B;&#x430;&#x435;&#x432;&#x438;&#x447;</subfield>
    <subfield code="4">030</subfield>
    <subfield code="4">250</subfield>
    <subfield code="7">ca</subfield>
  </datafield>
  <datafield tag="712" ind1="0" ind2="2">
    <subfield code="a">&#x410;&#x43D;&#x441;&#x430;&#x43C;&#x431;&#x43B;&#x44C; &#x441;&#x43E;&#x43B;&#x438;&#x441;&#x442;&#x43E;&#x432; &#x410;&#x43A;&#x430;&#x434;&#x435;&#x43C;&#x438;&#x447;&#x435;&#x441;&#x43A;&#x43E;&#x433;&#x43E; &#x441;&#x438;&#x43C;&#x444;&#x43E;&#x43D;&#x438;&#x447;&#x435;&#x441;&#x43A;&#x43E;&#x433;&#x43E; &#x43E;&#x440;&#x43A;&#x435;&#x441;&#x442;&#x440;&#x430; &#x41C;&#x43E;&#x441;&#x43A;&#x43E;&#x432;&#x441;&#x43A;&#x43E;&#x439; &#x433;&#x43E;&#x441;&#x443;&#x434;&#x430;&#x440;&#x441;&#x442;&#x432;&#x435;&#x43D;&#x43D;&#x43E;&#x439; &#x444;&#x438;&#x43B;&#x430;&#x440;&#x43C;&#x43E;&#x43D;&#x438;&#x438;</subfield>
    <subfield code="4">590</subfield>
    <subfield code="7">ca</subfield>
  </datafield>
  <datafield tag="790" ind1=" " ind2="1">
    <subfield code="9">z01700</subfield>
    <subfield code="a">&#x160;ostakovi&#x10D;</subfield>
    <subfield code="b">D. D.</subfield>
    <subfield code="f">1906-1975</subfield>
    <subfield code="g">Dmitrij Dmitrievi&#x10D;</subfield>
    <subfield code="4">230</subfield>
    <subfield code="7">ba</subfield>
  </datafield>
  <datafield tag="790" ind1=" " ind2="1">
    <subfield code="9">z02702</subfield>
    <subfield code="a">Ro&#x17E;destvenskij</subfield>
    <subfield code="b">G. N.</subfield>
    <subfield code="f">1931-2018</subfield>
    <subfield code="g">Gennadij Nikolaevi&#x10D;</subfield>
    <subfield code="4">030</subfield>
    <subfield code="4">250</subfield>
    <subfield code="7">ba</subfield>
  </datafield>
  <datafield tag="801" ind1=" " ind2="0">
    <subfield code="a">RU</subfield>
    <subfield code="b">NLR</subfield>
    <subfield code="c">20240527</subfield>
    <subfield code="g">PSBO</subfield>
  </datafield>
  <datafield tag="801" ind1=" " ind2="1">
    <subfield code="a">RU</subfield>
    <subfield code="b">NLR</subfield>
    <subfield code="c">20240527</subfield>
    <subfield code="2">rusmarc</subfield>
  </datafield>
  <datafield tag="801" ind1=" " ind2="2">
    <subfield code="a">RU</subfield>
    <subfield code="b">NLR</subfield>
    <subfield code="c">20240627</subfield>
  </datafield>
  <datafield tag="852" ind1=" " ind2=" ">
    <subfield code="a">NLR</subfield>
    <subfield code="b">&#x41C;&#x433;</subfield>
    <subfield code="j">3/2844&#x432;</subfield>
    <subfield code="p">27156</subfield>
    <subfield code="t">3</subfield>
  </datafield>
  <datafield tag="852" ind1=" " ind2=" ">
    <subfield code="a">NLR</subfield>
    <subfield code="b">&#x41C;&#x433;</subfield>
    <subfield code="j">3/2844&#x431;</subfield>
    <subfield code="p">12336</subfield>
    <subfield code="t">2</subfield>
  </datafield>
  <datafield tag="852" ind1=" " ind2=" ">
    <subfield code="a">NLR</subfield>
    <subfield code="b">&#x41C;&#x433;</subfield>
    <subfield code="j">3/2844&#x430;</subfield>
    <subfield code="p">12020</subfield>
    <subfield code="t">1</subfield>
  </datafield>
  <datafield tag="942" ind1=" " ind2=" ">
    <subfield code="c">REC</subfield>
  </datafield>
  <datafield tag="980" ind1=" " ind2=" ">
    <subfield code="a">NB</subfield>
  </datafield>
  <datafield tag="980" ind1=" " ind2=" ">
    <subfield code="a">ONIZ</subfield>
  </datafield>
  <datafield tag="995" ind1=" " ind2=" ">
    <subfield code="5">2024-05-27</subfield>
    <subfield code="b">NLR01</subfield>
    <subfield code="c">NLR01</subfield>
    <subfield code="e">ONIZ</subfield>
    <subfield code="k">3/2844&#x432; 3/2844&#x432;</subfield>
    <subfield code="o">0</subfield>
    <subfield code="r">REC</subfield>
    <subfield code="s">32844_32844</subfield>
  </datafield>
  <datafield tag="995" ind1=" " ind2=" ">
    <subfield code="5">2024-05-27</subfield>
    <subfield code="b">NLR01</subfield>
    <subfield code="c">NLR01</subfield>
    <subfield code="e">ONIZ</subfield>
    <subfield code="k">3/2844&#x431; 3/2844&#x431;</subfield>
    <subfield code="o">0</subfield>
    <subfield code="r">REC</subfield>
    <subfield code="s">32844_32844</subfield>
  </datafield>
  <datafield tag="995" ind1=" " ind2=" ">
    <subfield code="5">2024-05-27</subfield>
    <subfield code="b">NLR01</subfield>
    <subfield code="c">NLR01</subfield>
    <subfield code="e">ONIZ</subfield>
    <subfield code="k">3/2844&#x430; 3/2844&#x430;</subfield>
    <subfield code="o">0</subfield>
    <subfield code="r">REC</subfield>
    <subfield code="s">32844_32844</subfield>
  </datafield>
</record>
